000 01086nam a22002657a 4500
999 _c21193
_d21193
003 AR-CdUCM
008 190307b ||||| |||| 00| 0 spa d
020 _a9786124654947
040 _aMUNICIPALIDAD PROVINCIAL DEL CUSCO
_cBIBLIOTECA MUNICIPAL DEL CUSCO
082 _a985.019 / R34
_bR34I
110 _aREGESA
_944110
245 _aInkas' History Cusco, Machupicchu, Choquequirao and Qhapaq Ñan :
_bQosqo, Machupijchu, Choqek'irao and Qhapaq Ñan /
260 _aPerú :
_bREGESA,
_c2016.
300 _a212 páginas ;
_bilustraciones en color,
_c22 cm.
500 _aLibro en idioma Ingles
505 _aContenido: El Qosqo pre inka -- Surgimiento del Estado Inka -- El imperio del Tawantinsuyo -- La cultura Inka -- Decadencia y fin del imperio -- Principales monumentos arquitectónicos inkas.
650 _aHistoria Inka
_937717
650 _aGuía turística
_916725
650 _aHistoria Inca
_99202
650 _aCusco Perú
_944111
700 _aÁlvarez Espinoza, Juvenal
_911376
700 _aOjeda Escalante, Roberto
_91298
942 _2ddc
_cLIBROS
945 _aRoel